000 00364nam a2200133 i 4500
001 bg
100 1 _aPOGONOWSKA-SZUSZKIEWICZ, A.
245 0 _aEncyklopedia międzynarodowych organizacji transportowych /
_cA. Pogonowska-Szuszkiewicz.
260 _aWarszawa,
_c1983.
040 _cBPK
041 _apol
942 _cKS
008 s pl f |000 0 pol
999 _c21943
_d21943
856 _uhttp://koha.tu.koszalin.pl/cgi-bin/koha/opac-detail.pl?biblionumber=21943
_yKatalog online BPK